• 首页
  • 本馆介绍
  • 公告通知
  • 最新文献
  • 馆藏检索
  • 电子资源
  • 读者导购
  • 参考咨询
  • 我的图书馆
  • 登录
  • 详细信息显示
  • 放入我的书架
  • 预约/预借图书
  • 作者相关作品
  • 分类相关作品
  • 丛书相关作品
  • 出版社相关作品

书目信息

  • 表格格式
  • 工作单格式
  • 卡片格式
题名:
中国历朝事典
    
 
作者: 曹余章 主编
分册:  
出版信息: 杭州   浙江教育出版社  1997
页数: 1086页
开本: 26cm
丛书名:
单 册:
中图分类: K205
科图分类:
主题词: 中国--通史
电子资源:
ISBN: 7-5338-1840-7
000 00545nam0 2200193 45
001 0206040815
005 20031219104056.3
010    @a7-5338-1840-7@b精装@dCNY98.00
100    @a20020604d1997 km y0chiy0120 ea
101 0  @achi
105    @a e 000yy
200 1  @a中国历朝事典@AZhong Guo Li Chao Shi Dian@f曹余章主编@FCao Yu Zhang Zhu Bian
210    @a杭州@c浙江教育出版社@d1997
215    @a1086页@d26cm
606 0  @a中国@x通史
690    @aK205@v4
701  0 @a曹余章@4主编
801    @aCN@bTSTC@c20020604
905    @b311347-349@dK205@e3@f3
    
    中国历朝事典/曹余章主编.-杭州:浙江教育出版社,1997
    1086页;26cm
    
    
    ISBN 7-5338-1840-7(精装):CNY98.00
    
●
相关链接 在E读中查询图书 在五车中查询图书 在当当中查询图书 在豆瓣中查询图书


正题名:中国历朝事典     索取号:K205/3         预约/预借

序号 登录号 条形码 馆藏地/架位号 状态 备注
1 0311347   203113479   第二借阅区/ [索取号:K205/3] 在馆    
2 0311348   203113488   工具书阅览室/ [索取号:K205/3] 在馆    
3 0311349   203113497   第二样本阅览室/ [索取号:K205/3] 在馆    
唐山师范学院图书馆 欢迎您!
大连网信软件有限公司© 版权所有